000 00747nam a2200217 a 4500
001 43929
003 BD-RjUL
005 20211209053755.0
008 160629s1975 ii ||||| |||| 00| 0 ben d
035 _a(BD-RjUL)44047
040 _aBD-RjUL
_beng
_cBD-RjUL
_dBD-RjUL
041 _aben
082 _223
_a891.44
_bKUB 1975
100 _aকুমার, সুণীতি
_9134967
245 1 0 _aবাঙলা ভাষা প্রসঙ্গে /
_bসুণীতি কুমার
260 _aকলিকাতা :
_bজিজ্ঞাসা,
_c১৯৭৫
300 _a৩৪৮ পৃ. ;
_c২৩ সেমি.
650 _aবাংলা সাহিত্য
_9134968
650 _aBengali literature
_9134969
942 _2ddc
_cBK
999 _c43929
_d43929